000 00504cam a22001097a 4500
008 180718b1963 xxu||||| |||| 00| 0 eng d
082 _aI5511096x4 C76/1963
245 _aConference of European statisticians: report of the eleventh plenary session (Jun. 12-21, 1960)
_cby Statistical Commission and Economic Commission for Europe, United Nations
260 _aGeneva
_bUnited Nations publications
_c1963
300 _av.p.
700 _aUnited Nations. Statistical Commission and Economic Commission for Europe
999 _c491571
_d491571